000 00682nam a2200241 i 4500
001 103572
003 ES-MaACL
005 20250507063021.0
007 t|
008 060417s1994 sp ||||1| spa d
020 _a84-08-01223-1
080 _a342.25(460)
100 1 _aFraga Iribarne, Manuel,
_d1922-2012
_9193721
245 1 0 _aImpulso autonómico /
_cManuel Fraga Iribarne.
250 _a1ª ed.
260 _aBarcelona :
_bPlaneta,
_c1994.
300 _a172 p. ;
_c21 cm.
490 1 _aDocumento
650 _aEspaña-
_xComunidades autónomas.
_9178649
830 0 _aDocumento
_9177347
852 _aES-MaACL
_jC-56897
_bR.130839
999 _c103572
_d103572